[Event "BL2-West 1819"]
[Site "Germany"]
[Date "2019.01.20"]
[Round "5.2"]
[White "Rezasade, Amir"]
[Black "Nikolic, Predrag"]
[Result "1/2-1/2"]
[WhiteElo "2354"]
[BlackElo "2576"]
[PlyCount "154"]
[EventDate "2018.11.21"]
[EventType "team-tourn"]
[EventRounds "9"]
[EventCountry "GER"]
[SourceTitle "CBM 190 Extra"]
[Source "ChessBase"]
[SourceDate "2019.07.15"]
[SourceVersion "1"]
[SourceVersionDate "2019.07.15"]
[SourceQuality "1"]
[WhiteTeam "Muelheim Nord II"]
[BlackTeam "Solingen II"]
[WhiteTeamCountry "GER"]
[BlackTeamCountry "GER"]

1. Nf3 d5 2. g3 g6 3. Bg2 Bg7 4. d4 c6 5. 0-0 Nh6 6. Nbd2 0-0 7. Re1 f5 8. Nb3 Nf7 9. Nc5 b6 10. Nd3 Nd7 11. Be3 e6 12. Qc1 Ba6 13. Nb4 Bb7 14. c4 Rc8 15. Nd3 Qe7 16. Rb1 c5 17. dxc5 bxc5 18. cxd5 exd5 19. b3 d4 20. Bg5 Qe6 21. Bd2 Be4 22. Qa3 Rfe8 23. Rbc1 Bf8 24. Qa5 Rc6 25. Nf4 Qd6 26. Qa3 Rec8 27. Nd3 Bg7 28. Bf4 Qe6 29. Ng5 Nxg5 30. Bxg5 h6 31. Bd2 g5 32. f3 Bd5 33. Kh1 Qd6 34. Qb2 Nb6 35. Qa3 c4 36. Qxd6 Rxd6 37. bxc4 Nxc4 38. f4 Be6 39. Bb4 Rdd8 40. fxg5 Ne3 41. gxh6 Bxh6 42. Rxc8 Rxc8 43. a3 Nxg2 44. Kxg2 Bd5+ 45. Kf1 Be3 46. Nf4 Be4 47. Ng2 Bc1 48. Rd1 Rc4 49. Ne1 a5 50. Bxa5 Bxa3 51. Bb6 Bb2 52. Nd3 Bc3 53. Ne5 Rb4 54. Ba7 Ra4 55. Bb6 Ra6 56. Bd8 Bc2 57. Rc1 Ra2 58. Bg5 Bb4 59. Nf3 d3 60. exd3 Ba3 61. Re1 Bxd3+ 62. Kg1 Be4 63. Nh4 Bc5+ 64. Be3 Be7 65. Bf2 Bxh4 66. gxh4 Kg7 67. Re3 Kh6 68. h3 Kh5 69. Re1 Kg6 70. Re3 Ra1+ 71. Re1 Ra4 72. Be3 Ra2 73. Bg5 Rg2+ 74. Kf1 Rg3 75. Re3 Bg2+ 76. Kf2 Rxe3 77. Kxe3 Bxh3 1/2-1/2

[Event "Bundesliga 1718"]
[Site "Germany"]
[Date "2018.04.30"]
[Round "14.6"]
[White "Rezasade, Amir"]
[Black "Werle, Jan"]
[Result "0-1"]
[WhiteElo "2344"]
[BlackElo "2526"]
[PlyCount "58"]
[EventDate "2017.10.21"]
[EventType "team-tourn"]
[EventRounds "15"]
[EventCountry "GER"]
[SourceTitle "CBM 184"]
[Source "ChessBase"]
[SourceDate "2018.05.16"]
[SourceVersion "1"]
[SourceVersionDate "2018.05.16"]
[SourceQuality "1"]
[WhiteTeam "Muelheim"]
[BlackTeam "Werder Bremen"]
[WhiteTeamCountry "GER"]
[BlackTeamCountry "GER"]

1. Nf3 f5 2. g3 Nf6 3. Bg2 g6 4. d4 Bg7 5. b4 Nc6 6. c3 d5 7. 0-0 0-0 8. a4 Kh8 9. Qc2 a6 10. Rd1 Be6 11. Nbd2 h6 12. h4 f4 13. Qxg6 Qc8 14. Qc2 Bf5 15. Qa2 fxg3 16. fxg3 Bh3 17. Nf1 Ne4 18. Bd2 Bxg2 19. Kxg2 Qg4 20. Be1 e6 21. Rd3 Ne7 22. Ne3 Qg6 23. Rad1 Rg8 24. c4 Bf6 25. Nf1 Nf5 26. Ne5 Nxh4+ 27. Kh2 Bxe5 28. dxe5 Raf8 29. Nd2 Qh5 0-1

[Event "Bundesliga 1718"]
[Site "Germany"]
[Date "2018.03.10"]
[Round "11.7"]
[White "Rezasade, Amir"]
[Black "Bacrot, Etienne"]
[Result "0-1"]
[WhiteElo "2344"]
[BlackElo "2723"]
[PlyCount "76"]
[EventDate "2017.10.21"]
[EventType "team-tourn"]
[EventRounds "15"]
[EventCountry "GER"]
[SourceTitle "CBM 184"]
[Source "ChessBase"]
[SourceDate "2018.05.16"]
[SourceVersion "1"]
[SourceVersionDate "2018.05.16"]
[SourceQuality "1"]
[WhiteTeam "Muelheim"]
[BlackTeam "Baden-Baden"]
[WhiteTeamCountry "GER"]
[BlackTeamCountry "GER"]

1. Nf3 e6 2. g3 b6 3. Bg2 Bb7 4. 0-0 Nf6 5. c4 g6 6. b3 Bg7 7. Bb2 0-0 8. Nc3 d5 9. cxd5 exd5 10. d4 c5 11. Rc1 Na6 12. e3 Re8 13. Ne2 Ne4 14. Ba3 Rc8 15. Nf4 Nb4 16. Bxb4 cxb4 17. Qd3 Qd7 18. Rfe1 g5 19. Nh5 Bh8 20. Ne5 Qe6 21. Bxe4 dxe4 22. Qb5 f6 23. Rxc8 Rxc8 24. Nc4 Qe7 25. d5 Rd8 26. d6 Qe6 27. h4 Qg4 28. Na5 bxa5 29. Qxb7 Qxh5 30. Qxe4 gxh4 31. Qe6+ Qf7 32. Qg4+ Bg7 33. Rc1 Qd7 34. Qc4+ Kh8 35. Rd1 hxg3 36. fxg3 Bf8 37. Qf4 Qe6 38. d7 Rxd7 0-1

[Event "BL2-West 1617"]
[Site "Germany"]
[Date "2017.04.23"]
[Round "8.2"]
[White "Rezasade, Amir"]
[Black "Koch, Thomas"]
[Result "1/2-1/2"]
[WhiteElo "2320"]
[BlackElo "2474"]
[PlyCount "80"]
[EventDate "2016.10.16"]
[EventType "team-tourn"]
[EventRounds "9"]
[EventCountry "GER"]
[SourceTitle "EXT 2018"]
[Source "ChessBase"]
[SourceDate "2017.10.13"]
[SourceVersion "1"]
[SourceVersionDate "2017.10.13"]
[SourceQuality "1"]
[WhiteTeam "Muelheim II"]
[BlackTeam "Aachen SV"]
[WhiteTeamCountry "GER"]
[BlackTeamCountry "GER"]

1. e4 c5 2. Nf3 d6 3. d4 cxd4 4. Nxd4 Nf6 5. Nc3 a6 6. h3 e6 7. g4 d5 8. exd5 Nxd5 9. Nde2 Bb4 10. Bg2 0-0 11. 0-0 Nxc3 12. Nxc3 Qc7 13. Qd4 Qe7 14. Ne4 Nc6 15. Qc4 Na5 16. Qe2 Qc7 17. b3 Bd7 18. Bb2 f6 19. Rfd1 Rad8 20. a3 Be7 21. Ng3 Nc6 22. b4 a5 23. b5 Ne5 24. Bxe5 fxe5 25. Ne4 b6 26. a4 Bc8 27. Rxd8 Rxd8 28. Rd1 Rd4 29. Rxd4 exd4 30. Qd3 Qe5 31. Qc4 Bd7 32. c3 dxc3 33. Qxc3 Qxc3 34. Nxc3 Bb4 35. Bc6 Bc8 36. Ne4 Kf8 37. Kf1 Ke7 38. Ke2 e5 39. Bd5 Bd7 40. Kd3 h6 1/2-1/2

[Event "BL2-West 1617"]
[Site "Germany"]
[Date "2017.01.15"]
[Round "4.5"]
[White "Schlecht, Daniel"]
[Black "Rezasade, Amir"]
[Result "0-1"]
[WhiteElo "2376"]
[BlackElo "2320"]
[PlyCount "40"]
[EventDate "2016.10.16"]
[EventType "team-tourn"]
[EventRounds "9"]
[EventCountry "GER"]
[SourceTitle "EXT 2018"]
[Source "ChessBase"]
[SourceDate "2017.10.13"]
[SourceVersion "1"]
[SourceVersionDate "2017.10.13"]
[SourceQuality "1"]
[WhiteTeam "Solingen II"]
[BlackTeam "Muelheim II"]
[WhiteTeamCountry "GER"]
[BlackTeamCountry "GER"]

1. d4 d5 2. c4 e6 3. Nf3 Nf6 4. Nc3 Be7 5. Bf4 0-0 6. e3 c5 7. dxc5 Bxc5 8. a3 Nc6 9. Be2 dxc4 10. 0-0 Nd5 11. Ne4 Nxf4 12. exf4 Bd4 13. Nxd4 Nxd4 14. Bxc4 b5 15. Bd3 Bb7 16. Nc5 Bc6 17. Qh5 f5 18. b4 Rf6 19. f3 Rh6 20. Qg5 Nxf3+ 0-1

[Event "BL2-West 1516"]
[Site "Germany"]
[Date "2016.01.31"]
[Round "6.4"]
[White "Rezasade, Amir"]
[Black "Hoffmann, Michael"]
[Result "0-1"]
[WhiteElo "2329"]
[BlackElo "2484"]
[PlyCount "86"]
[EventDate "2015.09.20"]
[EventType "team-tourn"]
[EventRounds "9"]
[EventCountry "GER"]
[SourceTitle "EXT 2017"]
[Source "ChessBase"]
[SourceDate "2016.10.25"]
[SourceVersion "1"]
[SourceVersionDate "2016.10.25"]
[SourceQuality "1"]
[WhiteTeam "Muelheim II"]
[BlackTeam "Aachen DJK"]
[WhiteTeamCountry "GER"]
[BlackTeamCountry "GER"]

1. c4 e6 2. g3 d5 3. Bg2 dxc4 4. Qa4+ c6 5. Qxc4 b5 6. Qc2 Bb7 7. a4 a6 8. Nc3 Nd7 9. Nf3 Ngf6 10. 0-0 Be7 11. d4 0-0 12. Rd1 Qb6 13. a5 Qa7 14. e4 b4 15. Na4 c5 16. d5 exd5 17. exd5 Bxd5 18. Rxd5 Nxd5 19. Ng5 N5f6 20. Bxa8 Qxa8 21. Nb6 Nxb6 22. axb6 h6 23. Nh3 Qb7 24. Nf4 Ra8 25. b3 Bd6 26. Bb2 Bxf4 27. Bxf6 Bd6 28. Rd1 Qxb6 29. Qe4 Rb8 30. Ba1 Bf8 31. Qd3 Re8 32. Bb2 Qb5 33. Qd5 a5 34. Be5 a4 35. bxa4 Qxa4 36. Ra1 Qc2 37. Bf4 Qc3 38. Ra7 Qe1+ 39. Kg2 Qe4+ 40. Qxe4 Rxe4 41. Ra8 b3 42. Bd2 b2 43. Rb8 Rb4 0-1

[Event "Oberliga NRW 1415"]
[Site "Germany"]
[Date "2015.01.11"]
[Round "5.2"]
[White "Docx, Stefan"]
[Black "Rezasade, Amir"]
[Result "0-1"]
[WhiteElo "2436"]
[BlackElo "2259"]
[PlyCount "28"]
[EventDate "2014.09.14"]
[EventType "team-tourn"]
[EventRounds "9"]
[EventCountry "GER"]
[SourceTitle "EXT 2017"]
[Source "ChessBase"]
[SourceDate "2016.10.25"]
[SourceVersion "1"]
[SourceVersionDate "2016.10.25"]
[SourceQuality "1"]
[WhiteTeam "Wuerselen"]
[BlackTeam "Muelheim Nord II"]
[WhiteTeamCountry "GER"]
[BlackTeamCountry "GER"]

1. d4 d5 2. Bf4 e6 3. e3 Bd6 4. Bd3 Bxf4 5. exf4 Nf6 6. Nd2 Qd6 7. Ne2 c5 8. dxc5 Qxc5 9. 0-0 Nc6 10. a3 0-0 11. c4 dxc4 12. Nxc4 Rd8 13. Qc2 Nd4 14. Nxd4 Rxd4 0-1

[Event "Oberliga NRW 1314"]
[Site "Germany"]
[Date "2014.04.27"]
[Round "9.1"]
[White "Michalczak, Thomas"]
[Black "Rezasade, Amir"]
[Result "1/2-1/2"]
[WhiteElo "2304"]
[BlackElo "2268"]
[PlyCount "113"]
[EventDate "2013.09.15"]
[EventType "team-tourn"]
[EventRounds "9"]
[EventCountry "GER"]
[SourceTitle "EXT 2015"]
[Source "ChessBase"]
[SourceDate "2014.11.20"]
[SourceVersion "1"]
[SourceVersionDate "2014.11.20"]
[SourceQuality "1"]
[WhiteTeam "Solingen II"]
[BlackTeam "Muelheim II"]
[WhiteTeamCountry "GER"]
[BlackTeamCountry "GER"]

1. e4 c6 2. d4 d5 3. Nc3 dxe4 4. Nxe4 Nd7 5. Bc4 e6 6. Nf3 Ngf6 7. Nxf6+ Nxf6 8. 0-0 Be7 9. c3 0-0 10. Qe2 Nd5 11. Ne5 f6 12. Nd3 Bd6 13. Bb3 Re8 14. Re1 Bd7 15. Bd2 Qb8 16. g3 b5 17. Qh5 Re7 18. Re2 Be8 19. Qf3 Bf7 20. Rae1 Qe8 21. Bf4 Rd8 22. Bxd5 cxd5 23. Bxd6 Rxd6 24. Qf4 Rd8 25. Nc5 Qc6 26. b4 Rde8 27. h4 Qb6 28. g4 a5 29. a3 h6 30. Re3 Bg6 31. Qg3 a4 32. R1e2 Qc6 33. Kh2 Qb6 34. f4 Bf7 35. f5 e5 36. dxe5 fxe5 37. Rxe5 Rxe5 38. Rxe5 Qf6 39. Rxe8+ Bxe8 40. Ne6 h5 41. gxh5 Kh7 42. h6 gxh6 43. Nd4 Qe7 44. Kh3 Qe4 45. Qf3 Qe1 46. Kg4 Qg1+ 47. Qg3 Qf1 48. Qf3 Qg1+ 49. Kf4 Qe1 50. Qe3 Qxh4+ 51. Ke5 Bf7 52. Nxb5 Kg7 53. Qg1+ Kf8 54. Qc5+ Kg7 55. Qg1+ Kf8 56. Qc5+ Kg7 57. Qg1+ 1/2-1/2

[Event "Bundesliga 1213"]
[Site "Germany"]
[Date "2013.03.17"]
[Round "12.8"]
[White "Miller, Eduard"]
[Black "Rezasade, Amir"]
[Result "0-1"]
[WhiteElo "2151"]
[BlackElo "2338"]
[PlyCount "66"]
[EventDate "2012.10.20"]
[EventType "team-tourn"]
[EventRounds "15"]
[EventCountry "GER"]
[SourceTitle "CBM 154"]
[Source "ChessBase"]
[SourceDate "2013.05.15"]
[SourceVersion "1"]
[SourceVersionDate "2013.05.15"]
[SourceQuality "1"]
[WhiteTeam "Forchheim"]
[BlackTeam "Muelheim"]
[WhiteTeamCountry "GER"]
[BlackTeamCountry "GER"]

1. e4 c5 2. Nf3 d6 3. d3 Nc6 4. g3 g6 5. Bg2 Bg7 6. 0-0 Nf6 7. c3 0-0 8. Qe2 e5 9. a3 d5 10. b4 c4 11. dxc4 dxe4 12. Ng5 Qd3 13. Re1 Rd8 14. Bd2 Qc2 15. Nxe4 Qb2 16. Nxf6+ Bxf6 17. Bxc6 bxc6 18. Qf3 Rd6 19. c5 Re6 20. c4 e4 21. Qf4 Qxa1 22. Nc3 Qb2 23. Nxe4 Rxe4 24. Rxe4 Bf5 25. Re1 Rd8 26. Be3 Bc3 27. Rc1 Qe2 28. Kg2 Bb2 29. Rh1 Re8 30. Rg1 Be5 31. Qh4 Bg7 32. Qf4 Be4+ 33. Kh3 Qxc4 0-1

[Event "Oberliga NRW 1213"]
[Site "Germany"]
[Date "2012.11.18"]
[Round "3.1"]
[White "Rezasade, Amir"]
[Black "Koch, Thomas"]
[Result "0-1"]
[WhiteElo "2302"]
[BlackElo "2382"]
[PlyCount "82"]
[EventDate "2012.09.16"]
[EventType "team-tourn"]
[EventRounds "9"]
[EventCountry "GER"]
[SourceTitle "EXT 2017"]
[Source "ChessBase"]
[SourceDate "2016.10.25"]
[SourceVersion "1"]
[SourceVersionDate "2016.10.25"]
[SourceQuality "1"]
[WhiteTeam "Muelheim Nord II"]
[BlackTeam "Aachen"]
[WhiteTeamCountry "GER"]
[BlackTeamCountry "GER"]

1. Nf3 Nf6 2. c4 c5 3. Nc3 e6 4. g3 b6 5. Bg2 Bb7 6. 0-0 Be7 7. Re1 0-0 8. e4 d6 9. d4 cxd4 10. Nxd4 Qc7 11. Be3 Nc6 12. Ndb5 Qb8 13. Rc1 Ne5 14. b3 Rd8 15. h3 a6 16. Nd4 Bf8 17. Qe2 Ned7 18. f4 Nc5 19. Bf2 e5 20. Nc2 exf4 21. gxf4 Re8 22. Bxc5 bxc5 23. Qd3 Nh5 24. Qf3 g6 25. Ne3 Qd8 26. Ned5 Bg7 27. Rf1 Kh8 28. Rce1 Bd4+ 29. Kh2 Rb8 30. Ne2 Bg7 31. Rd1 Qa5 32. a4 Bxd5 33. cxd5 Qb4 34. Rd3 c4 35. bxc4 Qxc4 36. Rc1 Qxa4 37. Ra3 Qb5 38. Rc6 Rb6 39. Nc3 Qb4 40. Na2 Qb2 41. Rxb6 Qxb6 0-1

[Event "Oberliga NRW 1213"]
[Site "Germany"]
[Date "2012.09.16"]
[Round "1.1"]
[White "Rezasade, Amir"]
[Black "Stark, Lars"]
[Result "0-1"]
[WhiteElo "2302"]
[BlackElo "2415"]
[PlyCount "48"]
[EventDate "2012.09.16"]
[EventType "team-tourn"]
[EventRounds "9"]
[EventCountry "GER"]
[SourceTitle "EXT 2017"]
[Source "ChessBase"]
[SourceDate "2016.10.25"]
[SourceVersion "1"]
[SourceVersionDate "2016.10.25"]
[SourceQuality "1"]
[WhiteTeam "Muelheim Nord II"]
[BlackTeam "Duesseldorf"]
[WhiteTeamCountry "GER"]
[BlackTeamCountry "GER"]

1. c4 Nf6 2. g3 e5 3. Bg2 h6 4. Nc3 Bb4 5. Nf3 Bxc3 6. bxc3 d6 7. 0-0 0-0 8. d3 Re8 9. e4 c6 10. Re1 Na6 11. Ba3 Qc7 12. Rb1 Bd7 13. Nh4 Rad8 14. Nf5 Bxf5 15. exf5 d5 16. Qb3 b6 17. h3 Nb8 18. cxd5 cxd5 19. g4 Nc6 20. Bc1 e4 21. dxe4 Nxe4 22. c4 Nd4 23. Qd1 Nc3 24. Rxe8+ Rxe8 0-1

[Event "NRW Cup"]
[Site "Germany"]
[Date "2012.06.02"]
[Round "2.1"]
[White "Wegerle, Joerg"]
[Black "Rezasade, Amir"]
[Result "1-0"]
[WhiteElo "2377"]
[BlackElo "2313"]
[PlyCount "125"]
[EventDate "2012.05.12"]
[EventType "team-k.o."]
[EventRounds "3"]
[EventCountry "GER"]
[SourceTitle "EXT 2015"]
[Source "ChessBase"]
[SourceDate "2014.11.20"]
[SourceVersion "1"]
[SourceVersionDate "2014.11.20"]
[SourceQuality "1"]
[WhiteTeam "Solingen"]
[BlackTeam "Muelheim Nord"]
[WhiteTeamCountry "GER"]
[BlackTeamCountry "GER"]

1. c4 e6 2. g3 Nf6 3. Bg2 d5 4. Nf3 dxc4 5. 0-0 Nbd7 6. Qa4 a6 7. Qxc4 b5 8. Qc2 Bb7 9. d3 c5 10. Nc3 Be7 11. a4 Qb6 12. Qb3 b4 13. Nb1 Bd5 14. Qc2 0-0 15. b3 Rfd8 16. Bb2 Ne8 17. e4 Bb7 18. Nbd2 Nd6 19. Rac1 Rac8 20. Rfe1 Qa7 21. h4 Ne8 22. Bh3 Nb8 23. Nc4 Nc6 24. Qe2 Bf6 25. e5 Be7 26. Ng5 Bxg5 27. hxg5 Nd4 28. Bxd4 Rxd4 29. Bg2 Rcd8 30. Be4 Bd5 31. f4 Qe7 32. Qf3 Bxe4 33. dxe4 f6 34. gxf6 gxf6 35. Re3 Qg7 36. Rf1 fxe5 37. fxe5 R8d7 38. Qh5 Qg6 39. Qxg6+ hxg6 40. Ref3 Kg7 41. Rf8 Re7 42. Nb6 Rd8 43. Kg2 g5 44. Kh3 Rb7 45. Nc4 Rbd7 46. Kg4 Kg6 47. Rg8+ Rg7 48. Rh8 Rh7 49. Rg8+ Rg7 50. Rh8 Rh7 51. Rxh7 Kxh7 52. Rf7+ Kg6 53. Ra7 Rd3 54. Rxa6 Ng7 55. Rc6 Rxb3 56. a5 Rb1 57. Rxc5 b3 58. Rb5 Nh5 59. Rb6 Rc1 60. Nd2 b2 61. Rxb2 Rc5 62. Ra2 Rc3 63. Nf3 1-0

[Event "NRW Class1 1112"]
[Site "Germany"]
[Date "2011.12.04"]
[Round "4.1"]
[White "De Jong, Jan Willem"]
[Black "Rezasade, Amir"]
[Result "1-0"]
[WhiteElo "2349"]
[BlackElo "2313"]
[PlyCount "151"]
[EventDate "2011.09.18"]
[EventType "team-tourn"]
[EventRounds "9"]
[EventCountry "GER"]
[SourceTitle "EXT 2015"]
[Source "ChessBase"]
[SourceDate "2014.11.20"]
[SourceVersion "1"]
[SourceVersionDate "2014.11.20"]
[SourceQuality "1"]
[WhiteTeam "Castrop Rauxel"]
[BlackTeam "Muelheim Nord II"]
[WhiteTeamCountry "GER"]
[BlackTeamCountry "GER"]

1. d4 d5 2. c4 e6 3. Nc3 c5 4. cxd5 exd5 5. Nf3 Nc6 6. g3 Nf6 7. Bg2 Be7 8. 0-0 0-0 9. Bg5 cxd4 10. Nxd4 h6 11. Be3 Re8 12. Qa4 Bd7 13. Rad1 Na5 14. Qc2 Rc8 15. Qb1 Nc4 16. Bc1 Bg4 17. Nf5 Nb6 18. Nxe7+ Qxe7 19. Rfe1 Qe6 20. Be3 Bf5 21. Qa1 Red8 22. Bd4 Ne4 23. b3 f6 24. Rc1 Nxc3 25. Rxc3 Be4 26. f3 Bg6 27. Kf2 Re8 28. Qb2 a6 29. Re3 Qd6 30. Rxe8+ Bxe8 31. Rc1 Bd7 32. Rxc8+ Nxc8 33. Qc1 Qc6 34. Qxc6 Bxc6 35. Bh3 Nd6 36. Bc5 Nb5 37. Be6+ Kh7 38. Ke3 Nc7 39. Bc8 Kg6 40. f4 Kf7 41. f5 Ke8 42. Bb6 Nb5 43. g4 Nc3 44. a4 Ne4 45. a5 Nd6 46. Be6 Nb5 47. Bc5 Nc7 48. Bg8 Nb5 49. h4 Nc3 50. Bb4 Nb5 51. Kd3 Nc7 52. e3 Bb5+ 53. Kd2 Bd7 54. Bd6 Nb5 55. Bc5 Bc6 56. Kd3 Nc7 57. Bd6 Nb5 58. Bb4 d4 59. e4 Nc3 60. Bxc3 dxc3 61. Bd5 Kd7 62. Bxc6+ bxc6 63. Kxc3 c5 64. Kc4 Kc6 65. b4 cxb4 66. Kxb4 Kd6 67. Kc4 Kc6 68. Kd4 Kd6 69. e5+ fxe5+ 70. Ke4 Ke7 71. Kxe5 Kf7 72. g5 hxg5 73. hxg5 Ke7 74. Kd5 Kd7 75. Kc5 Kc7 76. f6 1-0

[Event "Oberliga Nord W 1011"]
[Site "Germany"]
[Date "2011.02.06"]
[Round "6.4"]
[White "Rust, Stephan"]
[Black "Rezasade, Amir"]
[Result "1/2-1/2"]
[WhiteElo "2222"]
[BlackElo "2273"]
[PlyCount "90"]
[EventDate "2010.10.10"]
[EventType "team-tourn"]
[EventRounds "9"]
[EventCountry "GER"]
[SourceTitle "EXT 2012"]
[Source "ChessBase"]
[SourceDate "2011.11.24"]
[SourceVersion "1"]
[SourceVersionDate "2011.11.24"]
[SourceQuality "1"]
[WhiteTeam "Hameln"]
[BlackTeam "Goettingen Tempo"]
[WhiteTeamCountry "GER"]
[BlackTeamCountry "GER"]

1. Nf3 d5 2. d4 Nf6 3. Bf4 c5 4. c3 Qb6 5. Qb3 c4 6. Qxb6 axb6 7. Nbd2 Nc6 8. a3 b5 9. Rc1 h6 10. h3 g5 11. Bh2 Rg8 12. e3 h5 13. Ne5 Bf5 14. Be2 g4 15. hxg4 hxg4 16. Bf4 Nxe5 17. Bxe5 Nd7 18. Bg3 Nb6 19. Bd1 Na4 20. Bxa4 bxa4 21. e4 Be6 22. Rh5 Rd8 23. Bc7 Rd7 24. Bf4 f6 25. exd5 Rxd5 26. Rxd5 Bxd5 27. Kf1 e6 28. Re1 f5 29. Kg1 Kd7 30. Nf1 Be4 31. Ng3 Bd5 32. Nh5 Be7 33. Be5 Be4 34. Nf6+ Bxf6 35. Bxf6 Rg6 36. Be5 Rh6 37. Re3 Rg6 38. Kf1 Bd3+ 39. Kg1 Be4 40. Kf1 Rg8 41. f3 Bd3+ 42. Kf2 gxf3 43. gxf3 Ra8 44. Bf4 Ra5 45. Re5 Rxe5 1/2-1/2

[Event "GER CupT"]
[Site "Germany"]
[Date "2011.01.22"]
[Round "1.22"]
[White "Leisner, Hannes"]
[Black "Rezasade, Amir"]
[Result "0-1"]
[WhiteElo "2102"]
[BlackElo "2273"]
[PlyCount "94"]
[EventDate "2011.01.22"]
[EventType "team-k.o."]
[EventRounds "6"]
[EventCountry "GER"]
[SourceTitle "EXT 2016"]
[Source "ChessBase"]
[SourceDate "2015.10.08"]
[SourceVersion "1"]
[SourceVersionDate "2015.10.08"]
[SourceQuality "1"]
[WhiteTeam "Greifswald"]
[BlackTeam "Goettingen Tempo"]
[WhiteTeamCountry "GER"]
[BlackTeamCountry "GER"]

1. e4 c5 2. Nf3 d6 3. Bb5+ Bd7 4. Bxd7+ Qxd7 5. c4 Nf6 6. Nc3 g6 7. d4 cxd4 8. Nxd4 Bg7 9. f3 0-0 10. Be3 Rc8 11. b3 e6 12. Rc1 Nc6 13. 0-0 Qe7 14. Re1 Rd8 15. Qd2 Qf8 16. Qf2 Ne5 17. Rcd1 a6 18. h3 Rac8 19. f4 Nc6 20. e5 Ne8 21. Nxc6 Rxc6 22. Ne4 Rdc8 23. exd6 Nxd6 24. Nxd6 Rxd6 25. Bc5 Rxd1 26. Bxf8 Bd4 27. Rxd1 Bxf2+ 28. Kxf2 Kxf8 29. a4 Ke7 30. Ke3 h5 31. g4 hxg4 32. hxg4 Rh8 33. Rd3 Rh4 34. g5 e5 35. fxe5 Rg4 36. a5 Rxg5 37. Kd4 Ke6 38. Re3 Rf5 39. b4 g5 40. Re4 Rf4 41. Rxf4 gxf4 42. b5 f3 43. Ke3 Kxe5 44. c5 axb5 45. c6 Kd6 46. cxb7 Kc7 47. a6 b4 0-1

[Event "BL2-Nord 0910"]
[Site "Germany"]
[Date "2010.03.21"]
[Round "8.3"]
[White "Rezasade, Amir"]
[Black "Glienke, Manfred"]
[Result "1/2-1/2"]
[WhiteElo "2301"]
[BlackElo "2254"]
[PlyCount "28"]
[EventDate "2009.10.18"]
[EventType "team-tourn"]
[EventRounds "9"]
[EventCountry "GER"]
[SourceTitle "EXT 2011"]
[Source "ChessBase"]
[SourceDate "2010.11.26"]
[SourceVersion "1"]
[SourceVersionDate "2010.11.26"]
[SourceQuality "1"]
[WhiteTeam "Goettingen"]
[BlackTeam "Kreuzberg"]
[WhiteTeamCountry "GER"]
[BlackTeamCountry "GER"]

1. Nf3 d5 2. c4 c6 3. d4 Nf6 4. Nc3 e6 5. Bg5 Be7 6. e3 0-0 7. Qc2 Nbd7 8. Rc1 Re8 9. a3 dxc4 10. Bxc4 Nd5 11. Bxe7 Qxe7 12. Ne4 N7f6 13. Ng3 b6 14. 0-0 Bb7 1/2-1/2

[Event "BL2-Nord 0910"]
[Site "Germany"]
[Date "2009.11.29"]
[Round "3.3"]
[White "Rezasade, Amir"]
[Black "Rosmann, Ilja"]
[Result "0-1"]
[WhiteElo "2301"]
[BlackElo "2291"]
[PlyCount "88"]
[EventDate "2009.10.18"]
[EventType "team-tourn"]
[EventRounds "9"]
[EventCountry "GER"]
[SourceTitle "EXT 2011"]
[Source "ChessBase"]
[SourceDate "2010.11.26"]
[SourceVersion "1"]
[SourceVersionDate "2010.11.26"]
[SourceQuality "1"]
[WhiteTeam "Goettingen"]
[BlackTeam "Koenigsspringer"]
[WhiteTeamCountry "GER"]
[BlackTeamCountry "GER"]

1. Nf3 c5 2. c4 Nf6 3. Nc3 d5 4. cxd5 Nxd5 5. e3 Nc6 6. d4 cxd4 7. exd4 e6 8. Bc4 Bb4 9. Qd3 0-0 10. 0-0 Be7 11. a3 a6 12. Ba2 Nxc3 13. Qxc3 Bf6 14. Be3 Ne7 15. Rac1 Bd7 16. Ne5 Bb5 17. Rfd1 Rc8 18. Qd2 Rxc1 19. Qxc1 Nd5 20. Bd2 Qd6 21. Re1 Rd8 22. Ba5 b6 23. Bd2 Be8 24. Qc4 a5 25. Ng4 Be7 26. Rc1 Nf4 27. g3 Ng6 28. Be3 b5 29. Qc7 Qxc7 30. Rxc7 Bd6 31. Ra7 h5 32. Ne5 Bxe5 33. dxe5 Nxe5 34. Bb3 a4 35. Bc2 Nf3+ 36. Kf1 Nxh2+ 37. Ke2 Bc6 38. Bb6 Rc8 39. Bd3 Nf3 40. Bxb5 Ng1+ 41. Kf1 Bxb5+ 42. Kxg1 Rc1+ 43. Kg2 Bc6+ 44. f3 Rc2+ 0-1